LEADER 01228nam a2200265 i 4500 001 000000081459 003 CaOOAMICUS 005 20180618000000.0 008 180618s1983 xx u000 u eng u 013 $a53699 020 $a0-931464-15-3 040 $aSeMil$bita 100 1 $aHuffmon, Herbert Bardwell.$0(OLS)http://semarc/name/91691 245 14$aThe quest for the Kingdom of God :$bstudies in honor of George E. Mendenhall /$cEdited by H. B. Huffmon ... [et al.]. 260 $aWinona Lake, Indiana :$bEisenbrauns,$c1983. 300 $aVIII, 316 p., [1] c. di tav. :$b ritr. ;$c24 cm. 650 4$aGiudaismo.$0(OLS)http://semarc/subject/2880 650 4$aRegno di Dio.$0(OLS)http://semarc/subject/9117 650 4$aLetteratura religiosa giudaica.$0(OLS)http://semarc/subject/35131 850 $aSeMil 852 $aSeMil$W1$xVenegono$y1$m2W IV 297$j46696$B46696$CSeMilBibl$Z2$F49058 $81 961 $aOmaggio: Perego don Stefano 996 $6020$a0-931464-15-3$9(OLS)http://semarc/number/271079 996 $6245$aThe quest for the Kingdom of God :$bstudies in honor of George E. Mendenhall$9(OLS)http://semarc/title/404542 996 $6260$aWinona Lake, Indiana :$bEisenbrauns$9(OLS)http://semarc/publisher/32679 LEADER 01504nam a2200253 i 4500 001 000000089301 003 CaOOAMICUS 005 20141010000000.0 008 141010s1937 it u000 u ita u 013 $a61542 040 $aSeMil$bita 100 1 $aRonchetti, Giuseppe .$0(OLS)http://semarc/name/89765 245 10$aManuale dell'artista decoratore :$bpittura murale : fresco, tempera, stereocromia, pittura ad olio, encausto : ad uso dei decoratori, pittori, architetti, ingegneri e dilettanti di pittura ; coll'aggiunta di un dizionario-enciclopedia dei termini principali riguardanti la pittura murale /$cGiuseppe Ronchetti. 250 $a4. ed. riv. ed ampliata. 260 $aMilano :$bUlrico Hoepli,$c1937. 300 $aXV, 392 p. ;$c16 cm. 490 0 $aManuali Hoepli 650 4$aPittura murale - Tecnica - Manuali.$0(OLS)http://semarc/subject/16479 830 0$aManuali Hoepli.$0(OLS)http://semarc/title/7639 850 $aSeMil 852 $aSeMil$W1$xVenegono$y1$m2ZB V 25 FA$j52444$B52444$CSeMilBibl$Z2$F56901 $8I 961 $aOmaggio: Ferrari Ecc. Marco 996 $6245$aManuale dell'artista decoratore :$bpittura murale : fresco, tempera, stereocromia, pittura ad olio, encausto : ad uso dei decoratori, pittori, architetti, ingegneri e dilettanti di pittura ; coll'aggiunta di un dizionario-enciclopedia dei termini principali riguardanti la pittura murale$9(OLS)http://semarc/title/135227 996 $6260$aMilano :$bUlrico Hoepli$9(OLS)http://semarc/publisher/29765